000 00510nam a22001697a 4500
999 _c8419
_d8419
008 201124b ||||| |||| 00| 0 eng d
040 _aBMS College of Architecture
100 _aAbhignya, A N
245 _aVisitor's center Badami
300 _a39p.
500 _a1BM14AT001
502 _8B,Arch
_NBMS College of Architecture, Visvesvaraya Technological University
_aProject Reort
_d2018
650 _aBadami
700 _aShreedhar K Morab
_eGuide
700 _aShantesh Kelvekar
_eGuide
942 _2ddc
_cTHE